Statistiken für Oscars - Bester Hauptdarsteller

Klicken Sie hier um das Quiz zu spielen!

Allgemein

  • Dieses Quiz wurde 2.095 mal gespielt
    (1.667 seit der letzten Aktualisierung)
  • Das Durchschnittsergebnis liegt bei 18 aus 97

Antwortstatistiken

JahrPreisträgerfür den Film% Korrekt
2016Leonardo DiCaprioThe Revenant – Der Rückkehrer
87%
1994Tom HanksPhiladelphia
72%
1995Tom HanksForrest Gump
72%
2024Cillian MurphyOppenheimer
70%
2020Joaquin PhoenixJoker
58%
2022Will SmithKing Richard
50%
2021Anthony HopkinsThe Father
45%
1992Anthony HopkinsDas Schweigen der Lämmer
45%
1955Marlon BrandoDie Faust im Nacken
43%
1973Marlon BrandoDer Pate
43%
2019Rami MalekBohemian Rhapsody
41%
2001Russell CroweGladiator
40%
1993Al PacinoDer Duft der Frauen
38%
1981Robert De NiroWie ein wilder Stier
38%
2002Denzel WashingtonTraining Day
35%
1998Jack NicholsonBesser geht’s nicht
35%
1976Jack NicholsonEiner flog über das Kuckucksnest
35%
2023Brendan FraserThe Whale
33%
1990Daniel Day-LewisMein linker Fuß
30%
2008Daniel Day-LewisThere Will Be Blood
30%
2013Daniel Day-LewisLincoln
30%
1989Dustin HoffmanRain Man
30%
1980Dustin HoffmanKramer gegen Kramer
30%
1983Ben KingsleyGandhi
28%
1988Michael DouglasWall Street
28%
2000Kevin SpaceyAmerican Beauty
27%
2014Matthew McConaugheyDallas Buyers Club
27%
2011Colin FirthThe King’s Speech
25%
2009Sean PennMilk
25%
2004Sean PennMystic River
25%
2017Casey AffleckManchester by the Sea
24%
2006Philip Seymour HoffmanCapote
24%
2003Adrien BrodyDer Pianist
23%
2005Jamie FoxxRay
23%
2015Eddie RedmayneDie Entdeckung der Unendlichkeit
21%
2018Gary OldmanDie dunkelste Stunde
21%
1996Nicolas CageLeaving Las Vegas
20%
2007Forest WhitakerDer letzte König von Schottland
16%
1952Humphrey BogartAfrican Queen
16%
1960Charlton HestonBen Hur
15%
1970John WayneDer Marshal
15%
1942Gary CooperSergeant York
12%
1953Gary CooperZwölf Uhr mittags
12%
1987Paul NewmanDie Farbe des Geldes
12%
1999Roberto BenigniDas Leben ist schön
12%
1972Gene HackmanFrench Connection – Brennpunkt Brooklyn
11%
1982Henry FondaAm goldenen See
11%
1941James StewartDie Nacht vor der Hochzeit
11%
1963Gregory PeckWer die Nachtigall stört
10%
2010Jeff BridgesCrazy Heart
10%
1965Rex HarrisonMy Fair Lady
10%
1964Sidney PoitierLilien auf dem Felde
10%
1958Alec GuinnessDie Brücke am Kwai
9%
1935Clark GableEs geschah in einer Nacht
9%
1974Jack LemmonSave the Tiger
9%
2012Jean DujardinThe Artist
9%
1962Maximilian SchellUrteil von Nürnberg
9%
1939Spencer TracyTeufelskerle
9%
1938Spencer TracyManuel
9%
1957Yul BrynnerDer König und ich
9%
1985Fahrid Murray AbrahamAmadeus
8%
1961Burt LancasterElmer Gantry
7%
1929Emil JanningsSein letzter Befehl und
Der Weg allen Fleisches
7%
1971George C. ScottPatton – Rebell in Uniform
7%
1991Jeremy IronsDie Affäre der Sunny von B.
7%
1949Laurence OlivierHamlet
7%
1959David NivenGetrennt von Tisch und Bett
6%
1997Geoffrey RushShine – Der Weg ins Licht
6%
1979Jon VoightComing Home – Sie kehren heim
6%
1966Lee MarvinCat Ballou – Hängen sollst du in Wyoming
6%
1977Peter FinchNetwork
6%
1984Robert DuvallComeback der Liebe
6%
1968Rod SteigerIn der Hitze der Nacht
6%
1986William HurtKuß der Spinnenfrau
6%
1975Art CarneyHarry und Tonto
5%
1945Bing CrosbyDer Weg zum Glück
5%
1950Broderick CrawfordDer Mann, der herrschen wollte
5%
1934Charles LaughtonDas Privatleben Heinrichs VIII.
5%
1969Cliff RobertsonCharly
5%
1956Ernest BorgnineMarty
5%
1932 (2)Fredric MarchDr. Jekyll und Mr. Hyde
5%
1947Fredric MarchDie besten Jahre unseres Lebens
5%
1943James CagneyYankee Doodle Dandy
5%
1951José FerrerDer letzte Musketier
5%
1931Lionel BarrymoreDer Mut zum Glück
5%
1967Paul ScofieldEin Mann zu jeder Jahreszeit
5%
1946Ray MillandDas verlorene Wochenende
5%
1978Richard DreyfussDer Untermieter
5%
1948Ronald ColmanEin Doppelleben
5%
1954William HoldenStalag 17
5%
1930 (2)George ArlissDisraeli
4%
1944Paul LukasWatch on the Rhine
4%
1937Paul MuniLouis Pasteur
4%
1940Robert DonatAuf Wiedersehen, Mr. Chips
4%
1936Victor McLaglenDer Verräter
4%
1932 (1)Wallace BeeryDer Champ
4%
1930 (1)Warner BaxterIn Old Arizona
4%

Verteilung der Resultate

Perzentil nach korrekt beantworteten Fragen

Anzahl Personen mit jedem Resultat

Ihre Resultats-Entwicklung

Sie haben dieses Quiz seit der letzten Aktualisierung nicht gespielt